000 00748nam a2200169 i 4500
001 31157
003 ES-MaACL
005 20230906154327.0
007 t|
008 030128s1875 fr b |||| | fre d
100 1 _aBeguyer de Chancourtois, Alexandre-Emile.
_927043
245 1 0 _aCarte du Globe en projection gnomonique avec points de repère pour la superposition du réseau pentagonal
_b: notice explicative avec une feuille gravée a titre de spécimen publiée en 1875 /
_cpar B. de Chancourtois.
260 _aParis :
_b[s.n.],
_c1875 (
_fImp. Arnous de Riviére)
300 _a8 p., [1] h. pleg. de mapa ;
_c22 cm.
650 4 _aProyección cartográfica.
_9154258
852 _aES-MaACL
_jT-907-F-5
_z. - Legado Federico de Botella y de Hornos
999 _c31157
_d31157